ბათუმის შოთა რუსთაველის სახელმწიფო უნივერსიტეტის ბიბლიოთეკა

სერგი დანელიას ეროვნული მრწამსი / (ბიბ.ჩანაწერი № 60244)

000 -ლიდერი
ფიქსირებული სიგრძის საკონტროლო ველი 01468nam a22002417a 4500
003 - საკონტროლო ნომრის იდენტიფიკატორი
საკონტროლო ველი Ge_BSU
005 - ბოლო ოპერაციის თარიღი და დრო
საკონტროლო ველი 20230621141735.0
008 - ფიქსირებული სიგრძის მონაცემთა ელემენტები - ზოგადი ინფორმაცია
ფიქსირებული სიგრძის საკონტროლო ველი 230621s2008 ge ||||| |||| 00| 0 geo d
020 ## - წიგნის საერთაშორისო სტანდარტული ნომერი
International Standard Book Number 9789941122859
041 ## - ენის კოდი
Language code of text/sound track or separate title geo
080 ## - უნივერსალური ათობითი კლასიფიკაციის ინდექსი
Universal Decimal Classification number 1(479.22)(092 დანელია, ს.) კ-25
100 ## - მთავარი ჩანაწერი - პიროვნების სახელი
Personal name კარტოზია, ბონდო
9 (RLIN) 18869
245 ## - ცნობა სათაურის შესახებ
Title სერგი დანელიას ეროვნული მრწამსი /
Statement of responsibility, etc ბონდო კარტოზია, იგორ კეკელია ; [რედ. დავით ნაჭყებია] ; ფაზისის საერო აკად., მარტვილის მუნიციპალიტეტის მოსწ.-ახალგაზრდ. სახლი-ფილოსოფ., ფსიქოლ., ეთიკისა და ესთეტიკის კაბინეტი.
264 ## - წარმოების, გამოცემის, დისტრიბუციის და სხვა ცნობები
გამოცემის, წარმოების, დისტრიბუციის... ადგილი თბილისი :
გამოცემის, წარმოების, დისტრიბუციის... სახელწოდება უნივერსალი,
გამოცემის, წარმოების, დისტრიბუციის... თარიღი 2008.
300 ## - ფიზიკური აღწერა
Extent 76გვ. ;
Other physical details 20სმ.
504 ## - BIBLIOGRAPHY, ETC. NOTE
Bibliography, etc ბიბლიოგრ.: გვ. 68-69.
520 ## - SUMMARY, ETC.
Summary, etc რეზ. რუს. და ინგლ.
653 ## - INDEX TERM--UNCONTROLLED
Uncontrolled term დანელია, სერგი
653 ## - INDEX TERM--UNCONTROLLED
Uncontrolled term ქართველი ფილოსოფოსები
653 ## - INDEX TERM--UNCONTROLLED
Uncontrolled term ეროვნული საკითხი საქართველოში
700 ## - ADDED ENTRY--PERSONAL NAME
Personal name კეკელია, იგორ
Relator term ავტორი
9 (RLIN) 18870
942 ## - ADDED ENTRY ELEMENTS (KOHA)
Source of classification or shelving scheme
Koha item type წიგნი
ეგზემპლარები
ჩამოწერის სტატუსი დაკარგული ეგზემპლარის სტატუსი კლასიფიკაციის წყარო ან თაროზე გაწყობის სქემა დაზიანების სტატუსი არ გაიცემა მუდმივი მდებარეობა (დაცვის ადგილი) ამჟამინდელი ადგილსამყოფელი თაროზე განთავსების ადგილი შეძენის თარიღი ღირებულება, შესყიდვის ნორმალური ფასი სრული შენახვის შიფრი შტრიხკოდი ბოლო ოპერაციის თარიღი ეგზემპლარის მიმდევრობითი ნომერი (კეტერი?) Uniform Resource Identifier ფასის ძალაში შესვლის თარიღი ეგზემპლარის სახეობა საჯარო შენიშვნა
          ბათუმის შოთა რუსთაველის სახელმწიფო უნივერსიტეტის მთავარი ბიბლიოთეკა ბათუმის შოთა რუსთაველის სახელმწიფო უნივერსიტეტის მთავარი ბიბლიოთეკა წიგნსაცავი 2023-06-21 3.00 1(479.22)(092 დანელია, ს.) კ-25 64739 2023-06-21 64739 ბსუ-ს საპატიო დოქტორის გურამ ლორთქიფანიძის საჩუქარი 2023-06-21 წიგნი 3 ლ.